Alkotmánytan VI. osztály

Elmentve itt :
Bibliográfiai részletek
Dokumentumtípus: Cikk
Megjelent: 1942
Sorozat:Gyakorlati pedagógia 7 No. 2
Kulcsszavak:Alkotmány, Államjog, Állampolgári jog - Magyarország, Óravázlat, Pedagógia - gyakorlati
Tárgyszavak:
Online Access:http://acta.bibl.u-szeged.hu/52292
LEADER 00696nab a2200193 i 4500
001 acta52292
005 20250327100436.0
008 180524s1942 hu o 000 hun d
040 |a SZTE Egyetemi Kiadványok Repozitórium  |b hun 
041 |a hun 
245 0 0 |a Alkotmánytan   |h [elektronikus dokumentum] :  |b VI. osztály 
260 |c 1942 
300 |a 54-56 
490 0 |a Gyakorlati pedagógia  |v 7 No. 2 
650 4 |a Társadalomtudományok 
650 4 |a Oktatástudomány 
650 4 |a Jogtudomány 
695 |a Alkotmány, Államjog, Állampolgári jog - Magyarország, Óravázlat, Pedagógia - gyakorlati 
856 4 0 |u http://acta.bibl.u-szeged.hu/52292/1/gyakorlati_1942_002_054-056.pdf  |z Dokumentum-elérés